[Event "Moscow Aeroflot op-A"]
[Site "Moscow"]
[Date "2025.03.06"]
[Round "9"]
[White "Nazari, Arad"]
[Black "Timoshin, Maxim"]
[Result "1/2-1/2"]
[WhiteElo "2425"]
[BlackElo "2381"]
[PlyCount "70"]
[EventDate "2025.03.01"]
[EventType "swiss"]
[EventRounds "9"]
[EventCountry "RUS"]
[SourceTitle "CB11_2025"]
[SourceDate "2025.03.12"]
[SourceVersion "1"]
[SourceVersionDate "2025.03.12"]
[SourceQuality "1"]

1. e4 e5 2. Nf3 Nc6 3. Bc4 Nf6 4. d3 Be7 5. Nc3 0-0 6. h3 d6 7. a3 Be6 8. 0-0 d5 9. exd5 Nxd5 10. Qe1 Nxc3 11. Qxc3 Bf6 12. Qe1 Bxc4 13. dxc4 Qd7 14. Qe4 Rad8 15. b4 Qe6 16. Bb2 a5 17. Rfe1 axb4 18. axb4 Nxb4 19. Ba3 c5 20. Rab1 Qc6 21. Bxb4 cxb4 22. Rxb4 Rd1 23. Qxc6 Rxe1+ 24. Nxe1 bxc6 25. Rb6 e4 26. Rxc6 Bc3 27. Kf1 f5 28. Ra6 Rc8 29. Ra4 Kf7 30. g3 Rd8 31. Ra3 Bd2 32. Ng2 g5 33. Ra7+ Ke6 34. Ra6+ Ke5 35. Ne3 Bxe3 1/2-1/2

[Event "Moscow Aeroflot op-A"]
[Site "Moscow"]
[Date "2025.03.03"]
[Round "5"]
[White "Avalyan, Artur"]
[Black "Timoshin, Maxim"]
[Result "0-1"]
[WhiteElo "2283"]
[BlackElo "2381"]
[PlyCount "116"]
[EventDate "2025.03.01"]
[EventType "swiss"]
[EventRounds "9"]
[EventCountry "RUS"]
[SourceTitle "CB11_2025"]
[SourceDate "2025.03.12"]
[SourceVersion "1"]
[SourceVersionDate "2025.03.12"]
[SourceQuality "1"]

1. d4 Nf6 2. Nf3 d5 3. e3 c5 4. dxc5 e6 5. a3 Bxc5 6. c4 0-0 7. b4 Be7 8. Bb2 b6 9. Nbd2 Bb7 10. Qb3 a5 11. Be2 axb4 12. axb4 Rxa1+ 13. Bxa1 Na6 14. Bc3 dxc4 15. Bxc4 Nd5 16. b5 Nc5 17. Qc2 Nxc3 18. Qxc3 Bf6 19. Qc2 Qa8 20. 0-0 Rc8 21. Re1 Ne4 22. Nxe4 Bxe4 23. Qe2 g6 24. h3 Kg7 25. Rd1 Qa4 26. Nd2 Bc2 27. Rc1 Rd8 28. Nf1 Bd1 29. Qa2 Rc8 30. Qd2 Rxc4 31. Qxd1 Qxb5 32. Rb1 Rb4 33. Rxb4 Qxb4 34. Nd2 b5 35. Nb3 Qc3 36. g3 h5 37. h4 Be5 38. Kg2 Qc6+ 39. Kg1 Qe4 40. Na5 Bc3 41. Nb3 e5 42. Nc5 Qc6 43. Nb3 Qc4 44. Qc2 e4 45. Nc1 Be5 46. Qb1 Kf6 47. Kg2 Kf5 48. Nb3 Qe2 49. Qc1 Kg4 50. Qc5 Qf3+ 51. Kf1 Bxg3 52. Qg5+ Kh3 53. Qxg3+ Qxg3 54. fxg3 Kxg3 55. Ke2 Kxh4 56. Kf2 b4 57. Nd4 f5 58. Kg2 Kg4 0-1

[Event "Wch U18"]
[Site "Florianopolis"]
[Date "2024.11.07"]
[Round "9"]
[White "Kenbeilov, Timur"]
[Black "Timoshin, Maxim"]
[Result "0-1"]
[WhiteElo "2281"]
[BlackElo "2361"]
[PlyCount "52"]
[EventDate "2024.10.29"]
[EventType "swiss"]
[EventRounds "11"]
[EventCountry "BRA"]
[SourceTitle "CB45_2024"]
[Source "ChessBase"]
[SourceDate "2024.11.06"]
[SourceVersion "1"]
[SourceVersionDate "2024.11.06"]
[SourceQuality "1"]

1. d4 d5 2. c4 e6 3. g3 c6 4. Bg2 dxc4 5. Nf3 b5 6. Ne5 Bb7 7. a4 Qc8 8. b3 cxb3 9. Qxb3 b4 10. a5 c5 11. d5 Nf6 12. e4 Be7 13. 0-0 0-0 14. Rd1 Rd8 15. Bh3 Qc7 16. Bf4 Bd6 17. dxe6 Na6 18. exf7+ Kf8 19. Rxd6 Rxd6 20. Nc4 Nxe4 21. f3 Rad8 22. fxe4 Rd1+ 23. Kf2 Qxf7 24. Qc2 Qh5 25. Ncd2 Bxe4 26. Qa4 Qxh3 0-1

[Event "Satka Magnezit Group Cup"]
[Site "Satka"]
[Date "2024.09.05"]
[Round "9"]
[White "Burmakin, Vladimir"]
[Black "Timoshin, Maxim"]
[Result "1-0"]
[WhiteElo "2458"]
[BlackElo "2350"]
[PlyCount "47"]
[EventDate "2024.08.28"]
[EventType "swiss"]
[EventRounds "9"]
[EventCountry "RUS"]
[SourceTitle "EXT 2025"]
[Source "ChessBase"]
[SourceDate "2024.10.14"]
[SourceVersion "1"]
[SourceVersionDate "2024.10.14"]
[SourceQuality "1"]

1. Nf3 d5 2. b3 c5 3. e3 a6 4. Bb2 Nc6 5. d4 Nf6 6. Be2 cxd4 7. exd4 Bf5 8. 0-0 e6 9. c4 dxc4 10. bxc4 Be7 11. Nh4 Bg6 12. d5 exd5 13. cxd5 Nb4 14. Nc3 Bc2 15. Qd2 Nfxd5 16. Nxd5 Qxd5 17. Qc3 Qe4 18. Qxg7 Rf8 19. Rfe1 Qxh4 20. Bb5+ Kd8 21. Rxe7 Kxe7 22. Re1+ Be4 23. Rxe4+ Qxe4 24. Qf6# 1-0

[Event "Satka Magnezit Group Cup"]
[Site "Satka"]
[Date "2024.09.01"]
[Round "5"]
[White "Smirnov, Pavel"]
[Black "Timoshin, Maxim"]
[Result "1/2-1/2"]
[WhiteElo "2483"]
[BlackElo "2350"]
[PlyCount "81"]
[EventDate "2024.08.28"]
[EventType "swiss"]
[EventRounds "9"]
[EventCountry "RUS"]
[SourceTitle "EXT 2025"]
[Source "ChessBase"]
[SourceDate "2024.10.14"]
[SourceVersion "1"]
[SourceVersionDate "2024.10.14"]
[SourceQuality "1"]

1. d4 Nf6 2. c4 e6 3. Nf3 d5 4. g3 dxc4 5. Bg2 Bb4+ 6. Bd2 a5 7. Qc2 Bxd2+ 8. Qxd2 c6 9. Ne5 b5 10. Nc3 Nd5 11. b3 cxb3 12. axb3 0-0 13. 0-0 b4 14. Ne4 Ba6 15. Rfc1 Bb5 16. Nc5 Nc3 17. Bf3 Na6 18. Na4 Bxa4 19. bxa4 Nb8 20. Rxc3 bxc3 21. Qxc3 Ra6 22. Rc1 Qd6 23. e3 Rc8 24. Nc4 Qc7 25. e4 Nd7 26. e5 Rb8 27. Nd6 Rb4 28. Nb5 Qd8 29. Bxc6 Nf8 30. Nd6 Rbb6 31. d5 exd5 32. Bxd5 Rxd6 33. exd6 Rxd6 34. Bb3 Rd3 35. Qc4 Ne6 36. Qa6 Rd6 37. Qc8 Nd4 38. Qxd8+ Rxd8 39. Bc4 Kf8 40. Rb1 Rc8 41. Bd5 1/2-1/2

[Event "Moscow op-A 20th"]
[Site "Moscow"]
[Date "2024.07.20"]
[Round "8"]
[White "Kleimenov, Nikolay"]
[Black "Timoshin, Maxim"]
[Result "1/2-1/2"]
[WhiteElo "2119"]
[BlackElo "2327"]
[PlyCount "93"]
[EventDate "2024.07.16"]
[EventType "swiss"]
[EventRounds "9"]
[EventCountry "RUS"]
[SourceTitle "CBM 221 Extra"]
[Source "ChessBase"]
[SourceDate "2024.09.30"]
[SourceVersion "1"]
[SourceVersionDate "2024.09.30"]
[SourceQuality "1"]

1. e4 e5 2. Nf3 Nc6 3. Bb5 a6 4. Ba4 Nf6 5. 0-0 Be7 6. d3 b5 7. Bb3 d6 8. a3 Na5 9. Ba2 c5 10. Nc3 Be6 11. Nd5 Nxd5 12. Bxd5 Bxd5 13. exd5 0-0 14. b4 Nb7 15. Bb2 Qc7 16. Nd2 f5 17. c4 Bg5 18. Rc1 bxc4 19. dxc4 cxb4 20. axb4 a5 21. c5 axb4 22. c6 Nc5 23. Rxc5 dxc5 24. Nc4 Bf6 25. Qb3 Rfd8 26. Rd1 Rac8 27. f4 exf4 28. Bxf6 gxf6 29. Qc2 Qa7 30. Qxf5 b3 31. d6 b2 32. Qxf6 Qg7 33. Qe6+ Qf7 34. Qe4 Rxc6 35. Qxc6 Qxc4 36. Qb6 Rd7 37. Qxb2 Qe6 38. Qb8+ Kf7 39. Qc8 c4 40. h3 f3 41. Rf1 Qxd6 42. Rxf3+ Kg7 43. Qxc4 Qd4+ 44. Qxd4+ Rxd4 45. Kf2 Kg6 46. Ra3 Rd6 47. Ra4 1/2-1/2

[Event "RUS-chT2"]
[Site "Sochi"]
[Date "2024.05.10"]
[Round "9.8"]
[White "Isajevsky, Anton"]
[Black "Timoshin, Maxim"]
[Result "1-0"]
[WhiteElo "2418"]
[BlackElo "2321"]
[PlyCount "119"]
[EventDate "2024.05.01"]
[EventType "team-swiss"]
[EventRounds "9"]
[EventCountry "RUS"]
[SourceTitle "CBM 220 Extra"]
[Source "ChessBase"]
[SourceDate "2024.07.31"]
[SourceVersion "1"]
[SourceVersionDate "2024.07.31"]
[SourceQuality "1"]
[WhiteTeam "Tatarstan"]
[BlackTeam "Krasnoyarsk Region Enisey"]
[WhiteTeamCountry "RUS"]
[BlackTeamCountry "RUS"]

1. d4 Nf6 2. Nf3 d5 3. c4 e6 4. Nc3 Bb4 5. e3 0-0 6. a3 Bxc3+ 7. bxc3 c5 8. Bb2 Nc6 9. Qc2 Qa5 10. Nd2 Bd7 11. Bd3 cxd4 12. Nb3 Qa4 13. cxd4 Na5 14. Nxa5 Qxa5+ 15. Qd2 Qxd2+ 16. Kxd2 dxc4 17. Bxc4 Ne4+ 18. Ke2 Nd6 19. Bd3 Bb5 20. Bxb5 Nxb5 21. a4 Nc7 22. Rhc1 Nd5 23. Rc4 Rfc8 24. Rac1 Rxc4 25. Rxc4 f5 26. Bc1 Rd8 27. f3 Rd7 28. e4 fxe4 29. fxe4 Ne7 30. Ke3 Nc6 31. Bb2 Kf7 32. Rc5 Ne7 33. Bc3 g6 34. Bb2 Nc6 35. Bc3 Ke8 36. h3 Kf7 37. Bb2 Ne7 38. Bc3 Ke8 39. Be1 Kf7 40. g4 Nc6 41. Bc3 Ke8 42. h4 Ne7 43. h5 gxh5 44. gxh5 Ng8 45. Rg5 Kf8 46. d5 exd5 47. exd5 Ne7 48. Ke4 Ke8 49. Bf6 h6 50. Re5 Kf7 51. Bh4 Nc8 52. Rf5+ Ke8 53. Rf6 Nd6+ 54. Kd4 Nf7 55. Bg3 Rd8 56. d6 b6 57. Kd5 a6 58. Bh4 Rxd6+ 59. Rxd6 Nxd6 60. Kxd6 1-0

[Event "RUS-chT2"]
[Site "Sochi"]
[Date "2024.05.06"]
[Round "5.11"]
[White "Lupolov, Boris"]
[Black "Timoshin, Maxim"]
[Result "1/2-1/2"]
[WhiteElo "2076"]
[BlackElo "2321"]
[PlyCount "120"]
[EventDate "2024.05.01"]
[EventType "team-swiss"]
[EventRounds "9"]
[EventCountry "RUS"]
[SourceTitle "CBM 220 Extra"]
[Source "ChessBase"]
[SourceDate "2024.07.31"]
[SourceVersion "1"]
[SourceVersionDate "2024.07.31"]
[SourceQuality "1"]
[WhiteTeam "Moscow Northern Character"]
[BlackTeam "Krasnoyarsk Region Enisey"]
[WhiteTeamCountry "RUS"]
[BlackTeamCountry "RUS"]

1. d4 Nf6 2. c4 e6 3. Nf3 d5 4. Nc3 Bb4 5. Qa4+ Nc6 6. Bd2 dxc4 7. e3 Bd7 8. Qc2 Bxc3 9. Qxc3 b5 10. b3 Ne4 11. Qc2 Nxd2 12. Qxd2 cxb3 13. axb3 Ne7 14. Be2 0-0 15. 0-0 Bc6 16. Rfc1 Be4 17. Bxb5 Bxf3 18. gxf3 e5 19. Qc2 c6 20. Bd3 exd4 21. Bxh7+ Kh8 22. Bd3 dxe3 23. fxe3 Nd5 24. Be4 Nxe3 25. Qc5 Nd5 26. Qxc6 Nf4 27. Kh1 Rb8 28. Qc7 Qg5 29. Rg1 Qf6 30. Ra5 g6 31. Qxa7 Rxb3 32. Ra6 Ne6 33. Ra2 Rb2 34. Rxb2 Qxb2 35. Qe3 Ng7 36. Qh6+ Kg8 37. Bd5 Rd8 38. Qg5 Rd6 39. h4 Qf6 40. Qxf6 Rxf6 41. Kh2 Rd6 42. Be4 Nh5 43. Rg2 Kg7 44. Rc2 Rd4 45. Kh3 Nf6 46. Bc6 Kh6 47. Re2 Nh5 48. Re7 Kg7 49. Re4 Rd6 50. Rc4 Rd2 51. Re4 Kf6 52. Rb4 Ke5 53. Rb5+ Kf4 54. Be8 Kxf3 55. Rb3+ Ke4 56. Rb4+ Kf5 57. Bxf7 Nf4+ 58. Kg3 Rd3+ 59. Kf2 Rh3 60. Ra4 Rxh4 1/2-1/2

[Event "RUS-chT2"]
[Site "Sochi"]
[Date "2024.05.03"]
[Round "3.4"]
[White "Timoshin, Maxim"]
[Black "Rogoznikov, Andrey"]
[Result "1/2-1/2"]
[WhiteElo "2321"]
[BlackElo "2259"]
[PlyCount "117"]
[EventDate "2024.05.01"]
[EventType "team-swiss"]
[EventRounds "9"]
[EventCountry "RUS"]
[SourceTitle "CBM 220 Extra"]
[Source "ChessBase"]
[SourceDate "2024.07.31"]
[SourceVersion "1"]
[SourceVersionDate "2024.07.31"]
[SourceQuality "1"]
[WhiteTeam "Krasnoyarsk Region Enisey"]
[BlackTeam "Start Permskiy Kray"]
[WhiteTeamCountry "RUS"]
[BlackTeamCountry "RUS"]

1. d4 d5 2. c4 e6 3. Nc3 Nf6 4. cxd5 exd5 5. Bg5 c6 6. e3 Be7 7. Bd3 Nbd7 8. Qc2 h6 9. Bh4 Nh5 10. Bxe7 Qxe7 11. Nge2 Nb6 12. 0-0 0-0 13. Rae1 Bd7 14. Nc1 Rae8 15. f3 c5 16. dxc5 Qxc5 17. Nb3 Qd6 18. Qf2 Qe5 19. Qh4 Nf6 20. Re2 Rc8 21. Rd1 Rfe8 22. Qd4 Qxd4 23. Nxd4 a6 24. Kf2 Kf8 25. Rc1 Rc7 26. Rec2 Rec8 27. g4 g6 28. h4 Ne8 29. Rh1 Nd6 30. Nce2 Rxc2 31. Bxc2 Nbc4 32. b3 Na3 33. Bd3 Bb5 34. Rd1 Bxd3 35. Rxd3 Nc2 36. Rd2 Nxd4 37. Nxd4 Rc5 38. Ne2 Ne8 39. Nf4 Nc7 40. h5 Kg7 41. hxg6 fxg6 42. e4 dxe4 43. Rd7+ Kg8 44. fxe4 h5 45. g5 h4 46. e5 Rc6 47. Rd6 Kf7 48. Rf6+ Rxf6 49. exf6 Ne8 50. Nd3 Nxf6 51. gxf6 Kxf6 52. Nc5 Ke5 53. Nxb7 Kd4 54. Kf3 g5 55. Kg4 Kd5 56. a3 Kd4 57. Kh3 Kc3 58. Nc5 Kb2 59. Nxa6 1/2-1/2